000
00297nam a22001457a 4500
003
SGT
020
_a
9788190899819
082
_a
158.1,ARO
100
_a
ARORA,ASHOK
245
_a
MEET YOURSOUL
260
_a
NEW DELHI
_b
GYAN
_c
2010
300
_a
212
650
_a
MEET YOURSOUL
942
_2
ddc
_c
BK
999
_c
10363
_d
10363